League of Legends - LCS Champions - Statistics

General Stats
  • This quiz has been taken 419 times
    396 since last reset
  • The average score is 29 of 53
Answer Stats
Wins Player/Team % Correct
5 Cloud9
98%
4 Team Liquid
94%
7 TSM
91%
8 Doublelift
83%
5 Impact
82%
6 Bjergsen
81%
3 Jensen
80%
2 CLG
79%
3 Zven
79%
1 100 Thieves
78%
2 CoreJJ
74%
1 Evil Geniuses
74%
3 Blaber
71%
1 Berserker
68%
1 Inspired
67%
1 jojopyun
64%
2 Sneaky
63%
2 Fudge
62%
1 Perkz
62%
3 Vulcan
62%
4 WildTurtle
62%
6 Xmithie
58%
3 Dyrus
54%
2 Huhi
54%
2 aphromoo
53%
1 Danny
53%
1 FBI
53%
1 Nisqy
53%
1 Broken Blade
52%
3 Svenskeren
51%
1 Ssumday
49%
4 Biofrost
48%
1 Spica
48%
1 Closer
47%
2 Balls
46%
2 Meteos
46%
1 Reginald
46%
1 Abbedagge
45%
2 Hai
45%
1 Licorice
45%
3 Pobelter
41%
3 Hauntzer
40%
2 LemonNation
40%
1 Stixxay
36%
1 Darshan
34%
1 Santorin
33%
2 Olleh
31%
1 ZionSpartan
30%
1 Amazing
29%
2 LustBoy
29%
1 TheOddOne
29%
1 Xpecial
26%
1 Treatz
17%
No matching quizzes found
Score Distribution
Percent of People with Each Score
Percentile by Number Answered
Your Score History
You have not taken this quiz since the last reset